Основы теории оптических волноводов

Detalles Bibliográficos
Autor Principal: Гончаренко А. М. Андрей Маркович
Outros autores: Карпенко В.А. Валерий Александрович
Summary:В монографии впервые излагается теория почти всех известных регулярных диэлектрических волноводов: планарных, круглых, эллиптических, прямоугольных, полосковых, а также линзоподобных сред — с точки зрения их применения в качестве линий передач и элементов интегральных схем. Наиболее детально исследованы планарные волноводы. Рассмотрены стык двух таких волноводов, излучение из открытого конца, а также стационарные колебания отрезка волноводного слоя. Особое внимание уделено влиянию анизотропии диэлектрической проницаемости на волноводные свойства передающих систем. Книга рассчитана на широкий круг специалистов по оптике и радиофизике, имеющих дело с передачей электромагнитной энергии по направляющим системам.
Idioma:ruso
Publicado: Москва, Едиториал УРСС, 2004
Edición:2-е изд., испр.
Subjects:
Formato: MixedMaterials Libro
KOHA link:https://koha.lib.tpu.ru/cgi-bin/koha/opac-detail.pl?biblionumber=82818

MARC

LEADER 00000nam0a2200000 4500
001 82818
005 20231031095857.0
010 |a 5354008182  |b 500 экз. 
021 |a RU  |b 04-50923  |9 04-2503 
035 |a (RuTPU)RU\TPU\book\88998 
090 |a 82818 
100 |a 20051006d2004 k y0rusy5002 ca 
101 0 |a rus 
102 |a RU 
105 |a a z 001zy 
200 1 |a Основы теории оптических волноводов  |f А. М. Гончаренко, В. А. Карпенко 
205 |a 2-е изд., испр. 
210 |a Москва  |c Едиториал УРСС  |d 2004 
215 |a 236, [1] с.  |c ил.  |d 21 см. 
320 |a Библиография в конце глав. 
330 |a В монографии впервые излагается теория почти всех известных регулярных диэлектрических волноводов: планарных, круглых, эллиптических, прямоугольных, полосковых, а также линзоподобных сред — с точки зрения их применения в качестве линий передач и элементов интегральных схем. Наиболее детально исследованы планарные волноводы. Рассмотрены стык двух таких волноводов, излучение из открытого конца, а также стационарные колебания отрезка волноводного слоя. Особое внимание уделено влиянию анизотропии диэлектрической проницаемости на волноводные свойства передающих систем. Книга рассчитана на широкий круг специалистов по оптике и радиофизике, имеющих дело с передачей электромагнитной энергии по направляющим системам. 
610 1 |a диэлектрические волноводы 
610 1 |a физическая оптика 
610 1 |a уравнения Максвелла 
610 1 |a оптические волноводы 
610 1 |a многослойные волноводы 
610 1 |a прямоугольные волноводы 
610 1 |a эллиптические волноводы 
610 1 |a линзоподобные среды 
610 1 |a волноводные свойства 
610 1 |a электромагнитные свойства 
675 |a 621.372.82  |v 3  |z rus 
700 1 |a Гончаренко  |b А. М.  |g Андрей Маркович 
701 1 |a Карпенко  |b В.А.  |g Валерий Александрович 
801 0 |a RU  |b RKP  |c 20040924  |g PSBO 
801 1 |a RU  |b 63413507  |c 20051006  |g PSBO 
801 2 |a RU  |b 63413507  |c 20060710  |g PSBO 
942 |c BK